| 000 | 00422nam a22001577a 4500 | ||
|---|---|---|---|
| 003 | NUST - PNEC | ||
| 005 | 20170116181102.0 | ||
| 008 | 150921b xxu||||| |||| 00| 0 eng d | ||
| 040 | _cLIBRARY | ||
| 082 | _a623.873 FLA | ||
| 100 |
_912420 _aFlanagan, G.T.H. |
||
| 245 |
_aMarine boilers questions and answers _cG.T.H. Flanagan |
||
| 260 | _cc 1974 | ||
| 650 |
_911545 _aSteam-boilers, Marine _xMIS, ME |
||
| 942 |
_2ddc _cBK |
||
| 999 |
_c68788 _d68788 |
||